| 000 | 00971nam a22003137a 4500 | ||
|---|---|---|---|
| 001 | 6508 | ||
| 003 | FISKH | ||
| 005 | 20250507114600.0 | ||
| 008 | 250507b cb ||||| |||| 00| 0 eng d | ||
| 020 | _a9780590457835 | ||
| 040 |
_aFISKH _beng _cFISKH _dFISKH |
||
| 050 | _aPZ8.G28 M | ||
| 082 | _a468 | ||
| 100 |
_aGelman, Golden Rita _d(1937-) |
||
| 245 |
_aMore spaghetti, i say! / _cBy Rita Golden Gelman ; Illustrated by Mort Gerberg |
||
| 250 | _aThis edition first published in 1993 | ||
| 260 |
_aNew York : _bScholastic, _c1993 |
||
| 300 |
_a29 pages : _bcolor illustrations ; _c23 cm |
||
| 490 | _vLevel 2 | ||
| 505 | _aE | ||
| 520 | _aMinnie the monkey is too busy eating spaghetti--all day, in all ways--to play with her friend Freddie. | ||
| 521 | 8 |
_a250
_bLexile |
|
| 521 | 8 |
_aE
_bRaz-Plus |
|
| 650 |
_2Food _aReader |
||
| 650 |
_2Rhyming _aSpaghetti |
||
| 700 |
_aGerberg, Mort _dillustrator |
||
| 942 |
_2ddc _cBK _n0 |
||
| 999 |
_c6508 _d6508 |
||